| 000 | 00803nas a2200277 4500 | ||
|---|---|---|---|
| 001 | BR2011001201 | ||
| 003 | BR-BrBNA | ||
| 005 | 20231205114850.0 | ||
| 007 | ta | ||
| 008 | 230509b bl.|||p| |||| 00| 00por d | ||
| 040 |
_aBR-BrBNA _bpor _cBiblioteca Nacional de Agricultura |
||
| 041 | _a(Pt) | ||
| 072 | _aF03 | ||
| 100 | 1 | _aGóis, V.A. de | |
| 100 | 1 | _aTorres, S.B. | |
| 100 | 1 | _aPereira, R.A. | |
| 245 | 1 | _aGerminação de sementes de maxixe submetidas a estresse salino | |
| 650 | _aMAXIXE | ||
| 650 | _aSEMENTE | ||
| 650 | _aGERMINAÇÃO | ||
| 650 | _aPODER GERMINATIVO | ||
| 650 | _aRIO GRANDE DO NORTE | ||
| 773 | 0 |
_tRevista Caatinga (Brazil) _xISSN 0100-316X _g(Oct-Dec 2008), v. 21(4) p. 64-67 _wBR2011001201 |
|
| 909 |
_a202311 _bLúcia _c55 _dLúcia Elande |
||
| 942 |
_2AGRIS _n0 _cANA |
||
| 999 |
_c210906 _d210906 |
||